[Event "Espalion op 3rd"]
[Site "Espalion"]
[Date "2018.07.21"]
[Round "9"]
[White "Deceuninck, Andre"]
[Black "Chazeau, Laineur Lothaire"]
[Result "1-0"]
[WhiteElo "1570"]
[BlackElo "1651"]
[PlyCount "51"]
[EventDate "2018.07.14"]
[EventType "swiss"]
[EventRounds "9"]
[EventCountry "FRA"]
[SourceTitle "CBM 185 Extra"]
[Source "ChessBase"]
[SourceDate "2018.07.29"]
[SourceVersion "1"]
[SourceVersionDate "2018.07.29"]
[SourceQuality "1"]

1. Nf3 g6 2. d4 Bg7 3. e4 d6 4. Be2 a6 5. Be3 e6 6. Nc3 Ne7 7. Qd2 h6 8. 0-0 Nd7 9. Ne1 b6 10. Nd3 Bb7 11. f4 f5 12. e5 d5 13. Bf2 Nc6 14. g4 Qe7 15. gxf5 gxf5 16. Bh5+ Kf8 17. Kh1 Kg8 18. Rg1 Na5 19. Rg3 Nc4 20. Qe2 Kf8 21. Rag1 Rg8 22. Qe1 Nb8 23. Rg6 c5 24. Bh4 Qd7 25. Qg3 Nd2 26. Rf6+ 1-0

[Event "Espalion op 2nd"]
[Site "Espalion"]
[Date "2017.07.20"]
[Round "7"]
[White "Deceuninck, Andre"]
[Black "Pass, Deborah"]
[Result "0-1"]
[WhiteElo "1578"]
[BlackElo "1920"]
[PlyCount "56"]
[EventDate "2017.07.15"]
[EventType "swiss"]
[EventRounds "9"]
[EventCountry "FRA"]
[SourceTitle "CBM 179 Extra"]
[Source "ChessBase"]
[SourceDate "2017.08.23"]
[SourceVersion "1"]
[SourceVersionDate "2017.08.23"]
[SourceQuality "1"]

1. Nf3 Nf6 2. c4 g6 3. g3 Bg7 4. Bg2 0-0 5. d4 d6 6. 0-0 Nbd7 7. Nc3 Re8 8. Re1 e5 9. d5 e4 10. Nd4 a5 11. e3 Nc5 12. Bf1 Bg4 13. Qc2 Nfd7 14. Bd2 Ne5 15. Reb1 Qd7 16. Nd1 Ncd3 17. Bc3 c5 18. dxc6 bxc6 19. f3 c5 20. fxg4 cxd4 21. Bxd4 Nf3+ 22. Kh1 Bxd4 23. exd4 Nxd4 24. Qc3 Nf3 25. Bxd3 exd3 26. Qxd3 Re1+ 27. Kg2 Qxg4 28. Nf2 Nh4# 0-1

[Event "Espalion op 2nd"]
[Site "Espalion"]
[Date "2017.07.18"]
[Round "5"]
[White "Deceuninck, Andre"]
[Black "Cavailles, Evan"]
[Result "1/2-1/2"]
[WhiteElo "1578"]
[BlackElo "1806"]
[PlyCount "110"]
[EventDate "2017.07.15"]
[EventType "swiss"]
[EventRounds "9"]
[EventCountry "FRA"]
[SourceTitle "CBM 179 Extra"]
[Source "ChessBase"]
[SourceDate "2017.08.23"]
[SourceVersion "1"]
[SourceVersionDate "2017.08.23"]
[SourceQuality "1"]

1. Nf3 d5 2. c4 e6 3. g3 Nf6 4. Bg2 c6 5. b3 Be7 6. Bb2 Nbd7 7. 0-0 0-0 8. cxd5 exd5 9. d4 Re8 10. Nc3 Nf8 11. Qc2 Bb4 12. a3 Bd6 13. Rfe1 g6 14. Nd2 Ne6 15. e3 Qc7 16. Ne2 Ng5 17. Nf4 Bf5 18. Qd1 h5 19. h4 Ne6 20. Rc1 Nxf4 21. exf4 Rxe1+ 22. Qxe1 Re8 23. Qf1 Qe7 24. b4 a5 25. bxa5 Bxa3 26. Bxa3 Qxa3 27. Ra1 Qc3 28. Nf3 Bd3 29. Qc1 Qxc1+ 30. Rxc1 Ra8 31. Ne5 Bb5 32. Ra1 Ne8 33. Nd7 Nd6 34. Nb6 Ra6 35. Bf1 Bxf1 36. Kxf1 Nf5 37. Ra4 Kf8 38. Ke2 Nd6 39. Kd3 Ke7 40. f3 Kd8 41. g4 Nc8 42. Nxc8 Kxc8 43. f5 gxf5 44. gxh5 Kd7 45. Rb4 Kc7 46. Ke3 c5 47. dxc5 Rh6 48. Kd4 Rxh5 49. Kxd5 f4+ 50. Ke4 Rxh4 51. Rb6 Rh5 52. Rf6 Rxc5 53. Rxf7+ Kc6 54. Rf6+ Kc7 55. Rf7+ Kc6 1/2-1/2

[Event "Espalion op 2nd"]
[Site "Espalion"]
[Date "2017.07.17"]
[Round "3"]
[White "Deceuninck, Andre"]
[Black "Montsma, Foppe Jan"]
[Result "1/2-1/2"]
[WhiteElo "1578"]
[BlackElo "1834"]
[PlyCount "45"]
[EventDate "2017.07.15"]
[EventType "swiss"]
[EventRounds "9"]
[EventCountry "FRA"]
[SourceTitle "CBM 179 Extra"]
[Source "ChessBase"]
[SourceDate "2017.08.23"]
[SourceVersion "1"]
[SourceVersionDate "2017.08.23"]
[SourceQuality "1"]

1. c4 e5 2. Nc3 Nf6 3. Nf3 Nc6 4. g3 Bb4 5. Nd5 Bc5 6. d3 h6 7. Bg2 0-0 8. 0-0 d6 9. a3 Nxd5 10. cxd5 Ne7 11. Ne1 c6 12. dxc6 bxc6 13. Nc2 d5 14. d4 Bd6 15. dxe5 Bxe5 16. Nb4 a5 17. Nd3 Bd6 18. Be3 Nf5 19. Bc5 Bxc5 20. Nxc5 Qb6 21. Na4 Qb5 22. Rc1 Ba6 23. e3 1/2-1/2